Datum a čas kvízu
39.5
Celkem bodů
Celkový počet nahraných bodů na tomto kvízu bez doplňovacích otázek.
1.
Pořadí na kvízu
Konečné umístění týmu na tomto kvízu.
Zaznamenané odpovědi
| # | Otázka | Odpověď | Body | Výsledky |
|---|---|---|---|---|
| 1. | Jak se jmenuje politik, který... | Marian Jurečka | 1 | |
| 2. | Na Slovensku byl přetřásán stř... | Ministerstvo životního prostředí | 1 | |
| 3. | V pondělí jsme zažili údajně n... | Blue Monday | 1 | |
| 4. | Aféra s předraženou zakázkou n... | hackathon | 1 | |
| 5. | Renata Zachová se stala první... | judo | 0 | |
| 6. | Jelikož se o ostrovech zmiňuje... | D) zaťatou pěst se vztyčeným ukazováčkem | 1 | |
| 7. | Nyní se podíváme na souostroví... | Země Františka Josefa | 1 | |
| 8. | Za jistou formu "ostrova" se d... | Lesotho | 1 | |
| 9. | Ostrovačice v okrese Brno-venk... | Amerika | 1 | |
| 10. | Jak se jmenoval německý patolo... | Paul Langerhans | 1 |